|
|
|
|
| LEADER |
01006nam a2200241 a 4500 |
| 001 |
792642 |
| 008 |
090827s1973 maua b 000 0 eng d |
| 010 |
|
|
|a \\\74161985
|
| 020 |
|
|
|a 0032288308
|
| 040 |
|
|
|a DLC
|c DLC
|d DLC
|
| 082 |
0 |
0 |
|a 370.19/346/09866
|2 18
|
| 100 |
1 |
|
|a Hoxeng, James.
|
| 245 |
1 |
0 |
|a Let Jorge do it :
|b an approach to rural nonformal education /
|c Hoxeng James.
|
| 260 |
|
|
|a Amherst :
|b Center for International Education, University of Massachusetts,
|c 1973.
|
| 300 |
|
|
|a ix, 221 p. :
|b illus. ;
|c 21 cm.
|
| 504 |
|
|
|a Includes bibliographical references.
|
| 541 |
1 |
|
|e 00004865
|
| 650 |
|
0 |
|a Education, Rural
|z Ecuador.
|
| 650 |
|
0 |
|a Fundamental education
|z Ecuador.
|
| 710 |
2 |
|
|a University of Massachusetts at Amherst.
|b Center for International Education.
|
| 852 |
4 |
|
|a Ayesha Abed Library
|j General shelf
|
| 999 |
|
|
|c 8336
|d 8336
|
| 952 |
|
|
|0 0
|1 0
|2 ddc
|4 0
|6 370_193460986600000_HOX_1973
|7 0
|9 9616
|a BRACUL
|b BRACUL
|c GEN
|d 2010-05-02
|g 880.00
|l 0
|o 370.1934609866 HOX
|p 3010004865
|r 2010-05-02
|t 1
|w 2010-05-02
|y BK
|